000 00316 a2200145 4500
001 152874
040 _cEscola São Tomás de Aquino
100 _aCARPANEDA, Isabella
240 1 0 _aA chuvarada
_lpor
245 1 0 _aA chuvarada
362 0 _a2006
440 1 _aFTD
697 _a*LITERATURA INFANTIL
942 _cBK
999 _c152874
_d152874